<?xml version="1.0" encoding="UTF-8"?>
<record
    xmlns:xsi="http://www.w3.org/2001/XMLSchema-instance"
    xsi:schemaLocation="http://www.loc.gov/MARC21/slim http://www.loc.gov/standards/marcxml/schema/MARC21slim.xsd"
    xmlns="http://www.loc.gov/MARC21/slim">

  <leader>01458nam a2200301Ia 4500</leader>
  <datafield tag="952" ind1=" " ind2=" ">
    <subfield code="0">0</subfield>
    <subfield code="1">0</subfield>
    <subfield code="2">lcc</subfield>
    <subfield code="4">0</subfield>
    <subfield code="7">0</subfield>
    <subfield code="a">03</subfield>
    <subfield code="b">03</subfield>
    <subfield code="d">2014-04-21</subfield>
    <subfield code="l">1</subfield>
    <subfield code="o">N743 D66 2000</subfield>
    <subfield code="p">03 001060</subfield>
    <subfield code="r">2018-11-20</subfield>
    <subfield code="s">2018-11-16</subfield>
    <subfield code="t">1</subfield>
    <subfield code="w">2014-04-21</subfield>
    <subfield code="y">LB</subfield>
  </datafield>
  <datafield tag="952" ind1=" " ind2=" ">
    <subfield code="0">0</subfield>
    <subfield code="1">0</subfield>
    <subfield code="2">lcc</subfield>
    <subfield code="4">0</subfield>
    <subfield code="7">0</subfield>
    <subfield code="a">03</subfield>
    <subfield code="b">03</subfield>
    <subfield code="d">2017-01-16</subfield>
    <subfield code="l">0</subfield>
    <subfield code="o">N743 D66 2000</subfield>
    <subfield code="p">03 001057</subfield>
    <subfield code="r">2017-01-16</subfield>
    <subfield code="t">2</subfield>
    <subfield code="w">2017-01-16</subfield>
    <subfield code="y">LB</subfield>
  </datafield>
  <datafield tag="952" ind1=" " ind2=" ">
    <subfield code="0">0</subfield>
    <subfield code="1">0</subfield>
    <subfield code="2">lcc</subfield>
    <subfield code="4">0</subfield>
    <subfield code="7">0</subfield>
    <subfield code="a">03</subfield>
    <subfield code="b">03</subfield>
    <subfield code="d">2017-01-23</subfield>
    <subfield code="l">0</subfield>
    <subfield code="o">N743 D66 2000</subfield>
    <subfield code="p">03 005142</subfield>
    <subfield code="r">2017-01-23</subfield>
    <subfield code="t">3</subfield>
    <subfield code="w">2017-01-23</subfield>
    <subfield code="y">LB</subfield>
  </datafield>
  <datafield tag="952" ind1=" " ind2=" ">
    <subfield code="0">0</subfield>
    <subfield code="1">0</subfield>
    <subfield code="2">lcc</subfield>
    <subfield code="4">0</subfield>
    <subfield code="7">0</subfield>
    <subfield code="a">03</subfield>
    <subfield code="b">03</subfield>
    <subfield code="d">2017-01-23</subfield>
    <subfield code="l">0</subfield>
    <subfield code="o">N743 D66 2000</subfield>
    <subfield code="p">03 006585</subfield>
    <subfield code="r">2017-01-23</subfield>
    <subfield code="t">4</subfield>
    <subfield code="w">2017-01-23</subfield>
    <subfield code="y">LB</subfield>
  </datafield>
  <datafield tag="999" ind1=" " ind2=" ">
    <subfield code="c">92463</subfield>
    <subfield code="d">92463</subfield>
  </datafield>
  <controlfield tag="008">120626s2000    sp a          000 0 spa d</controlfield>
  <datafield tag="020" ind1=" " ind2=" ">
    <subfield code="a">9688872067</subfield>
  </datafield>
  <datafield tag="050" ind1=" " ind2=" ">
    <subfield code="a">N743</subfield>
    <subfield code="b">D66 2000</subfield>
  </datafield>
  <datafield tag="100" ind1="1" ind2=" ">
    <subfield code="a">Dondis, Dondis A.</subfield>
    <subfield code="e">autor</subfield>
  </datafield>
  <datafield tag="240" ind1="1" ind2="2">
    <subfield code="a">A Primer of Visual Literacy</subfield>
    <subfield code="l">espa&#xF1;ol</subfield>
  </datafield>
  <datafield tag="245" ind1="1" ind2="3">
    <subfield code="a">La sintaxis de la imagen</subfield>
    <subfield code="b"> : Introducci&#xF3;n al alfabeto visual</subfield>
    <subfield code="c"> / D. A. Dondis</subfield>
  </datafield>
  <datafield tag="250" ind1=" " ind2=" ">
    <subfield code="a">14a. edici&#xF3;n</subfield>
  </datafield>
  <datafield tag="260" ind1=" " ind2=" ">
    <subfield code="a">Barcelona</subfield>
    <subfield code="b"> : Gustavo Gili</subfield>
    <subfield code="c">, 2000</subfield>
  </datafield>
  <datafield tag="300" ind1=" " ind2=" ">
    <subfield code="a">211 p&#xE1;ginas</subfield>
    <subfield code="b"> : illustraciones</subfield>
  </datafield>
  <datafield tag="336" ind1=" " ind2=" ">
    <subfield code="a">texto</subfield>
  </datafield>
  <datafield tag="337" ind1=" " ind2=" ">
    <subfield code="a">sin medio</subfield>
  </datafield>
  <datafield tag="338" ind1=" " ind2=" ">
    <subfield code="a">volumen</subfield>
  </datafield>
  <datafield tag="504" ind1=" " ind2=" ">
    <subfield code="a">Incluye: bibliograf&#xED;a (pp. 209-210)</subfield>
  </datafield>
  <datafield tag="505" ind1=" " ind2=" ">
    <subfield code="a">Car&#xE1;cter y contenido de la alfabetidad visual
Composici&#xF3;n: los fundamentos sint&#xE1;cticos de la alfabetidad visual
Elementos b&#xE1;sicos de la comunicaci&#xF3;n
La anatom&#xED;a del mensaje visual
Din&#xE1;mica del contraste
T&#xE9;cnicas visuales: estrategias de comunicaci&#xF3;n
S&#xED;ntesis del estilo visual
Las artes visuales: funci&#xF3;n y mensaje
Alfabetidad visual: c&#xF3;mo y por qu&#xE9;</subfield>
  </datafield>
  <datafield tag="519" ind1=" " ind2=" ">
    <subfield code="a">Plan Flexible / </subfield>
    <subfield code="b">Dise&#xF1;o Gr&#xE1;fico / </subfield>
    <subfield code="c">Dise&#xF1;o de Alfabetos (P05-3) / </subfield>
    <subfield code="d">(03 001060)</subfield>
  </datafield>
  <datafield tag="519" ind1=" " ind2=" ">
    <subfield code="a">Material Complementario</subfield>
    <subfield code="d">(03 001057)
</subfield>
  </datafield>
  <datafield tag="519" ind1=" " ind2=" ">
    <subfield code="a">Plan Flexible / </subfield>
    <subfield code="b">Dise&#xF1;o Gr&#xE1;fico / </subfield>
    <subfield code="c">Dise&#xF1;o B&#xE1;sico (B06-1) / </subfield>
    <subfield code="d">(03 005142)
</subfield>
  </datafield>
  <datafield tag="519" ind1=" " ind2=" ">
    <subfield code="a">Plan Flexible / </subfield>
    <subfield code="b">Dise&#xF1;o Gr&#xE1;fico / </subfield>
    <subfield code="c">Color (B02-1) / </subfield>
    <subfield code="d">(03 006585)
</subfield>
  </datafield>
  <datafield tag="650" ind1="1" ind2="4">
    <subfield code="a">ARTE</subfield>
    <subfield code="x">T&#xC9;CNICA</subfield>
  </datafield>
  <datafield tag="650" ind1="2" ind2="4">
    <subfield code="a">PERCEPCION VISUAL</subfield>
  </datafield>
  <datafield tag="700" ind1=" " ind2=" ">
    <subfield code="a">Beramendi, Justo G., </subfield>
    <subfield code="e">traductor</subfield>
  </datafield>
  <datafield tag="942" ind1=" " ind2=" ">
    <subfield code="c">LB</subfield>
  </datafield>
</record>
